| 000 | 00617nam a2200241Ia 4500 | ||
|---|---|---|---|
| 005 | 20250425162339.0 | ||
| 008 | 250425s9999 xx 000 0 und d | ||
| 020 | _a8420544116 | ||
| 041 | _aspa | ||
| 043 | _asp | ||
| 082 | _a519.2 | ||
| 100 | _aPEREZ LOPEZ, CESAR | ||
| 245 | 0 | _aMUESTREO ESTADÍSTICO CONCEPTOS Y PROBLEMAS RESUELTOS | |
| 250 | _a1 ED. | ||
| 260 |
_aEspaña _bPEARSON/PRENTICE-HALL _c2005 |
||
| 260 | _aMADRID | ||
| 300 | _a374 | ||
| 650 | _aESTADISTICA MATEMATICA | ||
| 650 | _aINGENIERIA-METODOS ESTADISTICOS | ||
| 650 | _aMUESTREO (ESTADISTICA) | ||
| 942 | _c01 | ||
| 010 | _a64523 | ||
| 999 |
_c227377 _d227377 |
||